<?xml version="1.0" encoding="UTF-8"?><?xml-stylesheet type="text/xsl" href="static/style.xsl"?><OAI-PMH xmlns="http://www.openarchives.org/OAI/2.0/" xmlns:xsi="http://www.w3.org/2001/XMLSchema-instance" xsi:schemaLocation="http://www.openarchives.org/OAI/2.0/ http://www.openarchives.org/OAI/2.0/OAI-PMH.xsd"><responseDate>2026-06-07T15:52:14Z</responseDate><request verb="GetRecord" identifier="oai:docta.ucm.es:20.500.14352/11592" metadataPrefix="marc">https://docta.ucm.es/rest/oai/request</request><GetRecord><record><header><identifier>oai:docta.ucm.es:20.500.14352/11592</identifier><datestamp>2023-09-15T14:19:33Z</datestamp><setSpec>com_20.500.14352_14</setSpec><setSpec>col_20.500.14352_22</setSpec></header><metadata><record xmlns="http://www.loc.gov/MARC21/slim" xmlns:dcterms="http://purl.org/dc/terms/" xmlns:xsi="http://www.w3.org/2001/XMLSchema-instance" xmlns:doc="http://www.lyncode.com/xoai" xsi:schemaLocation="http://www.loc.gov/MARC21/slim http://www.loc.gov/standards/marcxml/schema/MARC21slim.xsd">
   <leader>00925njm 22002777a 4500</leader>
   <datafield ind2=" " ind1=" " tag="042">
      <subfield code="a">dc</subfield>
   </datafield>
   <datafield ind2=" " ind1=" " tag="720">
      <subfield code="a">Sánchez Manzano, David</subfield>
      <subfield code="e">author</subfield>
   </datafield>
   <datafield ind2=" " ind1=" " tag="260">
      <subfield code="c">2021-05-18</subfield>
   </datafield>
   <datafield ind2=" " ind1=" " tag="520">
      <subfield code="a">En esta tesis hemos explorado el efecto de proximidad superconductor en estructuras de ferromagnéticos/superconductores que combinan cupratos de óxido complejos (YBCO) y manganitas (LSMO). La tesis a su vez ha sido dividida en 5 capítulos:- Capítulo 1: Introducción. En este capítulo se describen y analizan los fundamentos teóricos y los experimentos previos sobre la materia. Los dos efectos principales que se miden en esta tesis, el efecto Josephson y la resonancia ferromagnética, se describen en profundidad. Además, se justifica la elección de los materiales ferromagnéticos y superconductores.- Capítulo 2: Técnicas experimentales. Se explican las técnicas utilizadas tanto para el crecimiento como para las medidas de las muestras en esta tesis. Es de especial importancia la descripción de los dos sistemas de resonancia ferromagnética que se han establecido desde cero en esta tesis, tanto en el CNRS-Thales como en la Universidad Complutense de Madrid...</subfield>
   </datafield>
   <datafield ind1="8" ind2=" " tag="024">
      <subfield code="a">https://hdl.handle.net/20.500.14352/11592</subfield>
   </datafield>
   <datafield ind2="0" ind1="0" tag="245">
      <subfield code="a">Nanoestructuras de óxidos para espintrónica superconductora</subfield>
   </datafield>
</record></metadata></record></GetRecord></OAI-PMH>